000 00974cam a2200241 4500
001 ABS64413
008 010907n2001 000 0 eng u
035 _a(Sirsi) u114482
100 _aPearlman, J
245 _aCountryside & Rights of Way Act 2000: part II of the act - public rights of way and road traffic
260 _c2001
490 _aJournal of Planning and Environment Law
_v[2001] JPL 903-909(4)
520 _aExamines the changes made in the CROW Act in order to introduce the right to roam into the statute book. To balance the effect on landownership by giving the public greater access to open countryside, government provided landowners with greater power and control over public rights of way/
590 _aABS
650 _aCOUNTRYSIDE AND RIGHTS OF WAY ACT 2000
650 _aRIGHT TO ROAM
650 _aPUBLIC ACCESS
650 _aLANDOWNERS
650 _aRIGHTS OF WAY
650 _aOPEN COUNTRYSIDE
690 _aLAW-UK
942 _n0
999 _c68201
_d68201